Čarovné Slovensko
Na minha lista:
| Outros Autores: | , |
|---|---|
| Formato: | Livro |
| Idioma: | eslovaco |
| Publicado em: |
Bratislava
MAFRA Slovakia
2022
|
| Edição: | 3. doplnené vydanie |
| Assuntos: | |
| Tags: |
Sem tags, seja o primeiro a adicionar uma tag!
|
MARC
| LEADER | 00000nam a2200000 4500 | ||
|---|---|---|---|
| 001 | 0290732 | ||
| 005 | 20240502074453.4 | ||
| 020 | |a 978-80-82540-65-2 | ||
| 041 | 0 | |a slo | |
| 044 | |a SK | ||
| 245 | 1 | 0 | |a Čarovné Slovensko |c zodpovedný redaktor a editor: Róberta Karpinská ; preklad do španielčiny: Diana Patricia Varela Cano |
| 250 | |a 3. doplnené vydanie | ||
| 264 | 1 | |a Bratislava |b MAFRA Slovakia |c 2022 | |
| 300 | |a 290 s. [14,5 AH] | ||
| 610 | 2 | 0 | |a jazyky cudzie |
| 610 | 2 | 0 | |a preklady |
| 610 | 2 | 0 | |a ruch cestovný |
| 610 | 2 | 0 | |a pamiatky |
| 610 | 2 | 0 | |a remeslá |
| 610 | 2 | 0 | |a architektúra |
| 610 | 2 | 0 | |a dedičstvo kultúrne |
| 610 | 2 | 0 | |a dedičstvo prírodné |
| 610 | 2 | 0 | |a Slovensko |
| 700 | 1 | |a Karpinská, Róberta | |
| 700 | 1 | |a Varela Cano, Diana Patricia, 1964- | |